000 00962nmm a2200289 a 4500
001 ocm0002015883
003 TR-IsHL
005 20201028181119.0
008 181229s2017 tu tur
007 cr cn
020 _a9786054921713
035 _a2015883
_b(N$T)
050 0 4 _aPL248.3.G77
_bK89 2017
090 0 4 _aPL248.3.G77
_bK89 2017
100 1 _aGürpınar, Hüseyin Rahmi
245 1 0 _aKuyruklu yıldız altında bir izdivaç
_h[electronic resource] /
_cHüseyin Rahmi Gürpınar ; sadeleştiren Osman Sevim
250 _a3. Basım
260 _aİstanbul :
_bBilge Kültür Sanat,
_c2017
300 _a183 p.
650 4 _aDil ve Edebiyat
650 4 _aLanguage and Literature
650 0 _aTürk romanı
650 0 _aTurkish fiction
650 7 _aLITERARY COLLECTIONS / Middle Eastern
_2bisacsh
700 1 _aSevim, Osman
856 4 0 _uhttp://search.ebscohost.com/login.aspx?direct=true&scope=site&db=e011xww&AN=2015883
999 _c19453
_d19453